000 00270nam a2200109Ia 4500
008 190216s9999||||xx |||||||||||||| ||und||
100 _aHiscox Wj&Amp; James Stirling
245 0 _aFactory Administration In Practice
260 _bNull
_c1956
300 _a300p
942 _cBK
999 _c4656
_d4656